| 000 | 00706nac a22001931u 4500 | ||
|---|---|---|---|
| 010 | _a 99057665 | ||
| 020 | _a0130180394 | ||
| 082 | 0 | 0 |
_a320 _bR2118 |
| 090 |
_c2350 _d2350 |
||
| 100 | _aRanney, Austin. | ||
| 245 | 1 | 0 |
_aGoverning : _ban introduction to political science / _cAustin Ranney. |
| 250 | _a8th ed. | ||
| 260 |
_aUpper Saddle River, N.J. : _bPrentice Hall,2001 _c2001. |
||
| 300 |
_axviii, 510 p. : _bill. ; _c24 cm. |
||
| 504 | _aIncludes bibliographical references and index. | ||
| 650 | 0 | _aPolitical science. | |
| 942 |
_cBB _k320 R2118 |
||
| 999 |
_c2350 _d2350 |
||